Central Library OPAC University of Rajshahi

Developing public library systems and services : (Record no. 813)

MARC details
000 -LEADER
fixed length control field 01157cam a2200313 a 4500
001 - CONTROL NUMBER
control field 813
003 - CONTROL NUMBER IDENTIFIER
rucl marc code BD-RjUL
005 - DATE AND TIME OF LATEST TRANSACTION
control field 20211208233232.0
008 - FIXED-LENGTH DATA ELEMENTS--GENERAL INFORMATION
fixed length control field 131123t19831982fr b i000 0 eng
020 ## - INTERNATIONAL STANDARD BOOK NUMBER
International Standard Book Number 9231019953
035 ## - SYSTEM CONTROL NUMBER
System control number (BD-RjUL) 833
040 ## - CATALOGING SOURCE
Original cataloging agency DLC
Transcribing agency DLC
Modifying agency DLC
-- BD-RjUL
Language of cataloging eng
041 ## - LANGUAGE CODE
Language code of text/sound track or separate title eng
082 00 - DEWEY DECIMAL CLASSIFICATION NUMBER
Classification number 025.5
Edition number 19
Author mark and year CAD 1983
100 1# - MAIN ENTRY--PERSONAL NAME
Personal name Campbell, H. C.
Fuller form of name (Henry Cummings),
Dates associated with a name 1919-
9 (RLIN) 2383
245 10 - TITLE STATEMENT
Title Developing public library systems and services :
Remainder of title a guide to the organization of national and regional public library systems as a part of overall national information service planning /
Statement of responsibility, etc. H.C. Campbell.
260 ## - PUBLICATION, DISTRIBUTION, ETC. (IMPRINT)
Place of publication, distribution, etc. Paris :
Name of publisher, distributor, etc. Unesco,
Date of publication, distribution, etc. 1983, c1982.
300 ## - PHYSICAL DESCRIPTION
Pagination 186 p. ;
Size 21 cm.
504 ## - BIBLIOGRAPHY, ETC. NOTE
Bibliography, etc Includes bibliographies.
650 #0 - SUBJECT ADDED ENTRY--TOPICAL TERM
Topical term or geographic name as entry element Library planning.
9 (RLIN) 1658
Topical term or geographic name as entry element Public libraries
General subdivision Planning.
9 (RLIN) 2432
Topical term or geographic name as entry element Information services
General subdivision Planning.
9 (RLIN) 2433
Topical term or geographic name as entry element National Libraries
General subdivision Planning.
9 (RLIN) 2434
Topical term or geographic name as entry element Regional libraries
General subdivision Planning.
9 (RLIN) 2435
942 ## - ADDED ENTRY ELEMENTS (KOHA)
Source of classification or shelving scheme Dewey Decimal Classification
Koha item type Books
Holdings
Lost status Source of classification or shelving scheme Damaged status Not for loan Collection code Permanent Location Current Location Shelving location Date acquired Cost, normal purchase price Total Checkouts Full call number Date last seen Copy number Koha item type
  Dewey Decimal Classification   Not For Loan Non-fiction Central Library, University of Rajshahi Central Library, University of Rajshahi Reading Room 19/03/1986 0.00   025.5 CAD 1983 23/11/2013 C-1 Books